Normal view
MARC view
Entry Personal Name
001 - CONTROL NUMBER
- control field: 111974
003 - CONTROL NUMBER IDENTIFIER
- control field: OSt
005 - DATE AND TIME OF LATEST TRANSACTION
- control field: 20220918204418.0
008 - FIXED-LENGTH DATA ELEMENTS
- fixed length control field: 220918|| aca||aabn | a|a d
040 ## - CATALOGING SOURCE
- Original cataloging agency: OSt
- Transcribing agency: OSt
100 ## - HEADING--PERSONAL NAME
- Personal name: Hollings Mary A
670 ## - SOURCE DATA FOUND
- Source citation: Work cat.: (OSt)235955: Hollings Mary A, Europe in Renaissance and reformation 1453-1660 rev by D K Gordon, 1954
